[Event "Scarborough CC-ch Reserves"]
[Site "Toronto CAN"]
[Date "2011.04.14"]
[Round "8"]
[White "Ferreira, Alex"]
[Black "Wu, Kevin"]
[Result "1/2-1/2"]
[WhiteElo "2105"]
[BlackElo "2106"]
[PlyCount "84"]
[GameId "2160767909795956"]
[EventDate "2011.02.24"]
[EventType "swiss"]
[EventRounds "9"]
[EventCountry "CAN"]
[SourceTitle "EXT 2022"]
[Source "ChessBase"]
[SourceDate "2021.10.06"]
[SourceVersion "1"]
[SourceVersionDate "2021.10.06"]
[SourceQuality "1"]

1. Nf3 Nf6 2. c4 g6 3. Nc3 Bg7 4. g3 O-O 5. Bg2 d6 6. O-O Nc6 7. a3 e5 8. b4 a6 9. Bb2 Bg4 10. h3 Be6 11. d3 h6 12. Kh2 Nh5 13. e3 f5 14. Ne2 Kh7 15. Nd2 f4 16. exf4 exf4 17. Bxg7 fxg3+ 18. fxg3 Nxg7 19. Nf4 Rb8 20. Nxe6 Nxe6 21. Qg4 Ng5 22. Rxf8 Qxf8 23. Qd7+ Qg7 24. Qxg7+ Kxg7 25. Bxc6 bxc6 26. Re1 c5 27. h4 Nf7 28. bxc5 Rb2 29. Rd1 Ne5 30. cxd6 cxd6 31. Kh3 Nxd3 32. Ne4 Rb3 33. a4 Ra3 34. a5 Nb2 35. Rxd6 Nxc4 36. Rxa6 Rxa5 37. Rc6 Ne5 38. Rc7+ Kf8 39. Nf6 Ra6 40. Nd5 Rd6 41. Ne7 Re6 42. Nd5 Rd6 1/2-1/2

[Event "Scarborough CC-ch Reserves"]
[Site "Toronto CAN"]
[Date "2011.04.14"]
[Round "8"]
[White "Gaffney, Kevin"]
[Black "Sherman, Joshua"]
[Result "0-1"]
[WhiteElo "1642"]
[BlackElo "1880"]
[PlyCount "54"]
[GameId "2160767909795957"]
[EventDate "2011.02.24"]
[EventType "swiss"]
[EventRounds "9"]
[EventCountry "CAN"]
[SourceTitle "EXT 2022"]
[Source "ChessBase"]
[SourceDate "2021.10.06"]
[SourceVersion "1"]
[SourceVersionDate "2021.10.06"]
[SourceQuality "1"]

1. e4 e5 2. Nf3 d6 3. d4 exd4 4. Nxd4 Nf6 5. Nc3 Be7 6. Bf4 O-O 7. Qd2 a6 8. Be2 b5 9. e5 dxe5 10. Bxe5 c5 11. Nf3 Nc6 12. Bf4 Qb6 13. Rd1 Nd4 14. Nxd4 cxd4 15. Nb1 Bb7 16. O-O Rfd8 17. Qd3 Be4 18. Qg3 Qe6 19. Bd3 Nh5 20. Qh3 Qxh3 21. gxh3 Bxd3 22. Rfe1 Nxf4 23. Rxe7 Bxc2 24. Rde1 d3 25. Nd2 Ne2+ 26. R1xe2 dxe2 27. Nf3 Rd1+ 0-1

[Event "Scarborough CC-ch Reserves"]
[Site "Toronto CAN"]
[Date "2011.04.14"]
[Round "8"]
[White "Gillis, Doug"]
[Black "Moran-Venegas, Mario"]
[Result "0-1"]
[WhiteElo "1623"]
[BlackElo "1812"]
[PlyCount "98"]
[GameId "2160767909795958"]
[EventDate "2011.02.24"]
[EventType "swiss"]
[EventRounds "9"]
[EventCountry "CAN"]
[SourceTitle "EXT 2022"]
[Source "ChessBase"]
[SourceDate "2021.10.06"]
[SourceVersion "1"]
[SourceVersionDate "2021.10.06"]
[SourceQuality "1"]

1. d4 Nf6 2. Nc3 g6 3. e4 d6 4. h3 Bg7 5. Nf3 O-O 6. Be3 Nbd7 7. Qd2 Re8 8. e5 dxe5 9. dxe5 Nh5 10. g4 Nxe5 11. Nxe5 Nf6 12. Qxd8 Rxd8 13. Nf3 b6 14. Bg2 Bb7 15. O-O c5 16. Rfd1 Re8 17. Ne1 Rab8 18. g5 Nh5 19. Rd7 Bxg2 20. Nxg2 Ra8 21. Rad1 Be5 22. Nd5 Bd6 23. Nc7 Red8 24. Rxd8+ Rxd8 25. Kf1 Bxc7 26. Rxd8+ Bxd8 27. a4 Kf8 28. Ke2 e6 29. Kd3 Ke7 30. Kc4 Kd7 31. Kb5 a5 32. Ne1 Ng7 33. Nf3 Bc7 34. Bd2 Nf5 35. c3 Nd6+ 36. Ka6 Ne4 37. Ne5+ Kd6 38. Nxf7+ Ke7 39. Ne5 Nxc3 40. Nxg6+ hxg6 41. bxc3 Kd7 42. Kb5 Bd8 43. h4 e5 44. f3 Kd6 45. c4 Kc7 46. Ka6 Kc8 47. Ka7 Kc7 48. Ka6 Kb8 49. Kb5 Kb7 0-1

[Event "Scarborough CC-ch Reserves"]
[Site "Toronto CAN"]
[Date "2011.04.14"]
[Round "8"]
[White "Krupka, David"]
[Black "Posaratnanathan, Juliaan"]
[Result "1-0"]
[WhiteElo "2035"]
[BlackElo "1889"]
[PlyCount "59"]
[GameId "2160767909795959"]
[EventDate "2011.02.24"]
[EventType "swiss"]
[EventRounds "9"]
[EventCountry "CAN"]
[SourceTitle "EXT 2022"]
[Source "ChessBase"]
[SourceDate "2021.10.06"]
[SourceVersion "1"]
[SourceVersionDate "2021.10.06"]
[SourceQuality "1"]

1. d4 Nf6 2. c4 e6 3. Nc3 Bb4 4. Bg5 b6 5. e3 O-O 6. e4 Be7 7. Bd3 Nc6 8. Nge2 Nxe4 9. Bxe7 Nxc3 10. Bxh7+ Kh8 11. bxc3 Qxe7 12. Be4 Bb7 13. O-O f5 14. Bd3 Qg5 15. f4 Qe7 16. Rf3 Rf6 17. Rg3 Rh6 18. Rg5 Rf8 19. Qe1 Rff6 20. Qg3 Qf7 21. d5 exd5 22. cxd5 Ne7 23. c4 Rfg6 24. Re1 Qf6 25. h4 b5 26. h5 Rxg5 27. fxg5 Qb6+ 28. Qf2 Qxf2+ 29. Kxf2 Rxh5 30. Nf4 1-0

[Event "Scarborough CC-ch Reserves"]
[Site "Toronto CAN"]
[Date "2011.04.14"]
[Round "8"]
[White "Maister, Martin"]
[Black "Paterson, Jim"]
[Result "1/2-1/2"]
[WhiteElo "1772"]
[BlackElo "1825"]
[PlyCount "138"]
[GameId "2160767909795960"]
[EventDate "2011.02.24"]
[EventType "swiss"]
[EventRounds "9"]
[EventCountry "CAN"]
[SourceTitle "EXT 2022"]
[Source "ChessBase"]
[SourceDate "2021.10.06"]
[SourceVersion "1"]
[SourceVersionDate "2021.10.06"]
[SourceQuality "1"]

1. c4 Nc6 2. d4 e5 3. d5 Nce7 4. e4 d6 5. Nf3 Nf6 6. Nc3 g6 7. Be2 Bg7 8. O-O O-O 9. Ne1 Kh8 10. Nd3 b6 11. b4 a5 12. f3 axb4 13. Nxb4 Bd7 14. Bd2 Nfg8 15. a4 f5 16. Ra2 f4 17. Nb5 g5 18. Be1 Ng6 19. Nd3 h5 20. a5 bxa5 21. Rxa5 Rxa5 22. Bxa5 Bxb5 23. cxb5 Qd7 24. Qc2 Bf6 25. Qxc7 Qxb5 26. Nxf4 Qe8 27. Nxg6+ Qxg6 28. Qxd6 Qg7 29. Qc7 Rf7 30. Qc2 Ra7 31. Bc3 Qc7 32. Rc1 Qc5+ 33. Kh1 Rc7 34. Bd3 Qd6 35. Qd2 Nh6 36. g3 Nf7 37. Bb2 Rxc1+ 38. Qxc1 Nd8 39. Ba3 Qd7 40. Qc5 Kg7 41. Kg2 h4 42. g4 Ne6 43. dxe6 Qxd3 44. Qc7+ Kh8 45. Qc8+ Kg7 46. Qd7+ Qxd7 47. exd7 Kf7 48. Kf2 Ke6 49. Ke2 Kxd7 50. Kd3 Kc6 51. h3 Kb5 52. Bf8 Kb6 53. Kc4 Kc6 54. Bh6 Kd6 55. Kb5 Ke6 56. Bf8 Bd8 57. Kc6 Ba5 58. Bc5 Bd2 59. Kb5 Kd7 60. Bb4 Be3 61. Bc5 Bd2 62. Kc4 Ke6 63. Bf2 Ba5 64. Be3 Bd8 65. Kb5 Kd6 66. Bc5+ Ke6 67. Kc6 Ba5 68. Be3 Bd8 69. Kb7 Kd7 1/2-1/2

[Event "Scarborough CC-ch Reserves"]
[Site "Toronto CAN"]
[Date "2011.04.14"]
[Round "8"]
[White "Mesiti, Silvano"]
[Black "Philip, Andrew"]
[Result "1-0"]
[WhiteElo "1626"]
[BlackElo "1640"]
[PlyCount "86"]
[GameId "2160767909795961"]
[EventDate "2011.02.24"]
[EventType "swiss"]
[EventRounds "9"]
[EventCountry "CAN"]
[SourceTitle "EXT 2022"]
[Source "ChessBase"]
[SourceDate "2021.10.06"]
[SourceVersion "1"]
[SourceVersionDate "2021.10.06"]
[SourceQuality "1"]

1. b3 Nf6 2. Bb2 d5 3. Nf3 c5 4. g3 Nc6 5. Bg2 e6 6. O-O Be7 7. Nc3 O-O 8. d4 b6 9. Na4 Bb7 10. dxc5 bxc5 11. Ba3 Nd7 12. c3 Rc8 13. Rc1 Na5 14. Rc2 Bc6 15. Nb2 Qb6 16. Nd3 Bd6 17. Nd2 Bb5 18. Nc1 Rfd8 19. Re1 f5 20. Nf3 Nf6 21. Nd2 Ne4 22. Nxe4 fxe4 23. e3 Be5 24. Qh5 Bf6 25. Bf1 Bxf1 26. Rxf1 Nc6 27. f4 c4 28. Qe2 cxb3 29. axb3 Na5 30. Bb4 Nb7 31. Na2 a5 32. Ba3 Nc5 33. Bxc5 Rxc5 34. b4 axb4 35. cxb4 Rxc2 36. Qxc2 Qxe3+ 37. Qf2 Qxf2+ 38. Kxf2 Rc8 39. Rc1 Rxc1 40. Nxc1 d4 41. b5 d3 42. Nb3 Bd8 43. Ke3 h6 1-0

[Event "Scarborough CC-ch Reserves"]
[Site "Toronto CAN"]
[Date "2011.04.14"]
[Round "8"]
[White "Morra, Lui"]
[Black "Rutherdale, William"]
[Result "1-0"]
[WhiteElo "1831"]
[BlackElo "1676"]
[PlyCount "71"]
[GameId "2160767909795962"]
[EventDate "2011.02.24"]
[EventType "swiss"]
[EventRounds "9"]
[EventCountry "CAN"]
[SourceTitle "EXT 2022"]
[Source "ChessBase"]
[SourceDate "2021.10.06"]
[SourceVersion "1"]
[SourceVersionDate "2021.10.06"]
[SourceQuality "1"]

1. b3 c5 2. Bb2 Nf6 3. Nf3 Nc6 4. g3 b6 5. c4 e6 6. Bg2 Bb7 7. O-O Be7 8. e3 O-O 9. d4 d5 10. cxd5 exd5 11. Nc3 Re8 12. a3 Bf8 13. dxc5 bxc5 14. Rc1 Qd7 15. Na4 Ne4 16. Nd2 Ba6 17. Re1 Qf5 18. Nxe4 dxe4 19. Qc2 Bd3 20. Qc3 c4 21. Rcd1 Ne5 22. bxc4 Rac8 23. c5 Bxc5 24. Nxc5 Rxc5 25. Qb4 Nf3+ 26. Bxf3 exf3 27. Qd4 f6 28. Qxd3 Qg4 29. Qd7 Re6 30. Qb7 Re8 31. Rd4 Qh5 32. Rh4 Qf5 33. Rf4 Qc2 34. Rxf3 Qd2 35. Rf1 Rc2 36. Bd4 1-0

[Event "Scarborough CC-ch Reserves"]
[Site "Toronto CAN"]
[Date "2011.04.14"]
[Round "8"]
[White "Radpey, Abdolreza"]
[Black "Stavropoulos, Greg"]
[Result "0-1"]
[WhiteElo "1646"]
[BlackElo "1917"]
[PlyCount "114"]
[GameId "2160767909795963"]
[EventDate "2011.02.24"]
[EventType "swiss"]
[EventRounds "9"]
[EventCountry "CAN"]
[SourceTitle "EXT 2022"]
[Source "ChessBase"]
[SourceDate "2021.10.06"]
[SourceVersion "1"]
[SourceVersionDate "2021.10.06"]
[SourceQuality "1"]

1. c4 Nf6 2. Nf3 d5 3. cxd5 Nxd5 4. e4 Nb6 5. Nc3 g6 6. b3 Bg7 7. Bb2 O-O 8. Be2 Bg4 9. h3 Bxf3 10. Bxf3 Nc6 11. O-O Nd4 12. d3 c6 13. Rb1 Qd7 14. Bg4 e6 15. Ne2 Rfd8 16. Nxd4 Bxd4 17. Bxd4 Qxd4 18. Be2 Nd7 19. Qc2 Nf8 20. Rbc1 e5 21. Qd2 Ne6 22. g3 Qd6 23. Rfd1 Nd4 24. Kf1 h5 25. g4 hxg4 26. Bxg4 Kg7 27. Qe3 a5 28. h4 Qe7 29. Qg3 Rg8 30. f4 exf4 31. Qxf4 Qxh4 32. Qe5+ Qf6+ 33. Qxf6+ Kxf6 34. Rc4 Rgd8 35. Kf2 b6 36. Ke3 c5 37. Rf1+ Kg7 38. Rcc1 Rh8 39. Rf4 Rh2 40. Rcf1 f5 41. Bd1 g5 42. Rxf5 Nxf5+ 43. Rxf5 Kg6 44. Be2 Ra7 45. a4 Rhh7 46. Bg4 Rhf7 47. Rd5 Rae7 48. Bf5+ Kg7 49. Kf3 Rf6 50. Kg4 Kh6 51. Rd8 Rff7 52. Rh8+ Kg7 53. Rh5 Kf6 54. Rh6+ Ke5 55. Rxb6 Kd4 56. Rd6+ Kc3 57. Be6 Rf6 0-1

[Event "Scarborough CC-ch Reserves"]
[Site "Toronto CAN"]
[Date "2011.04.14"]
[Round "8"]
[White "Sharpe, Sam"]
[Black "Lin, Tony (Juntao)"]
[Result "1/2-1/2"]
[WhiteElo "1909"]
[BlackElo "1936"]
[PlyCount "56"]
[GameId "2160767909795964"]
[EventDate "2011.02.24"]
[EventType "swiss"]
[EventRounds "9"]
[EventCountry "CAN"]

1. Nf3 c5 2. g3 Nc6 3. Bg2 g6 4. O-O Bg7 5. c4 e5 6. Nc3 Nge7 7. a3 O-O 8. Rb1 a5 9. d3 d6 10. e4 h6 11. Bd2 f5 12. Nd5 Nxd5 13. exd5 Nd4 14. b4 axb4 15. axb4 b6 16. Nxd4 cxd4 17. f4 Re8 18. Qc2 Bd7 19. b5 Ra7 20. Bb4 Qf6 21. Rbe1 Rea8 22. fxe5 dxe5 23. d6 Ra2 24. Qb3 R8a4 25. Bd5+ Kh7 26. Rf2 Ra1 27. Rff1 R1a2 28. Rf2 Ra1 1/2-1/2

[Event "Scarborough CC-ch Reserves"]
[Site "Toronto CAN"]
[Date "2011.04.14"]
[Round "8"]
[White "Su, Stanley"]
[Black "Huston, Scott"]
[Result "1-0"]
[WhiteElo "1802"]
[BlackElo "1782"]
[PlyCount "43"]
[GameId "2160767909795965"]
[EventDate "2011.02.24"]
[EventType "swiss"]
[EventRounds "9"]
[EventCountry "CAN"]
[SourceTitle "EXT 2022"]
[Source "ChessBase"]
[SourceDate "2021.10.06"]
[SourceVersion "1"]
[SourceVersionDate "2021.10.06"]
[SourceQuality "1"]

1. e4 c5 2. Na3 d6 3. c3 Nc6 4. Bb5 Nf6 5. d3 a6 6. Bxc6+ bxc6 7. b3 Rb8 8. f4 e5 9. fxe5 dxe5 10. Nf3 Bd6 11. O-O h6 12. Nc4 Qe7 13. Nfxe5 Bxe5 14. Nxe5 Bd7 15. Nc4 O-O 16. Bf4 Be6 17. Bd6 Qb7 18. Bxf8 Bxc4 19. Bxg7 Kxg7 20. dxc4 Qe7 21. Rf2 Qxe4 22. Qd6 1-0

[Event "Scarborough CC-ch Reserves"]
[Site "Toronto CAN"]
[Date "2011.04.14"]
[Round "8"]
[White "Uddin, Mohammad"]
[Black "Armstrong, Robert J"]
[Result "0-1"]
[WhiteElo "1855"]
[BlackElo "1715"]
[PlyCount "76"]
[GameId "2160767909795966"]
[EventDate "2011.02.24"]
[EventType "swiss"]
[EventRounds "9"]
[EventCountry "CAN"]
[SourceTitle "EXT 2022"]
[Source "ChessBase"]
[SourceDate "2021.10.06"]
[SourceVersion "1"]
[SourceVersionDate "2021.10.06"]
[SourceQuality "1"]

1. e4 g6 2. d4 Bg7 3. Nc3 d6 4. Nf3 Nf6 5. h3 O-O 6. Be2 Nc6 7. Be3 e5 8. dxe5 dxe5 9. O-O Be6 10. Ng5 Qe7 11. Nxe6 Qxe6 12. Qc1 Nd4 13. Bd3 c5 14. Bxd4 exd4 15. Nb5 Qc6 16. Qf4 a6 17. Na3 b5 18. Rfe1 Rae8 19. Rad1 Re7 20. b3 Rfe8 21. f3 Nh5 22. Qd2 Be5 23. Qa5 Bc7 24. Qd2 Qd6 25. g4 Qg3+ 26. Qg2 Qxg2+ 27. Kxg2 Nf4+ 28. Kf1 Nxh3 29. Nb1 Ng5 30. Kg2 f5 31. Nd2 fxg4 32. fxg4 Bf4 33. c4 dxc3 34. Nb1 c4 35. bxc4 b4 36. Rf1 Bc7 37. Nd2 cxd2 38. Rxd2 Nxe4 0-1

[Event "Scarborough CC-ch Reserves"]
[Site "Toronto CAN"]
[Date "2011.04.14"]
[Round "8"]
[White "Zotkin, Daniel"]
[Black "Xie, Peter"]
[Result "0-1"]
[WhiteElo "1671"]
[BlackElo "1681"]
[PlyCount "134"]
[GameId "2160767909795967"]
[EventDate "2011.02.24"]
[EventType "swiss"]
[EventRounds "9"]
[EventCountry "CAN"]
[SourceTitle "EXT 2022"]
[Source "ChessBase"]
[SourceDate "2021.10.06"]
[SourceVersion "1"]
[SourceVersionDate "2021.10.06"]
[SourceQuality "1"]

1. d4 Nf6 2. Nf3 g6 3. Bg5 Bg7 4. e3 d6 5. Nbd2 h6 6. Bh4 g5 7. Bg3 Nh5 8. Bd3 Nxg3 9. hxg3 Bg4 10. c3 c6 11. Qb3 Qb6 12. Qc2 Nd7 13. a4 e5 14. a5 Qc7 15. a6 b6 16. Bf5 Bxf5 17. Qxf5 exd4 18. exd4 Nf6 19. O-O-O Qd7 20. Rde1+ Kd8 21. Qd3 Kc7 22. Nc4 Nd5 23. Nfd2 Rae8 24. Ne4 Re6 25. Qf3 Bf8 26. Nxg5 Rxe1+ 27. Rxe1 hxg5 28. Qe2 Bg7 29. Nd2 Kd8 30. Kb1 Re8 31. Qxe8+ Qxe8 32. Rxe8+ Kxe8 33. Ne4 Ke7 34. Nxg5 Nc7 35. Ne4 Nxa6 36. Nd2 Nc7 37. Nb3 a5 38. Nd2 c5 39. dxc5 dxc5 40. Nc4 Nd5 41. Ka2 a4 42. Ka3 b5 43. Na5 b4+ 44. cxb4 cxb4+ 45. Kxa4 Bxb2 46. Nc6+ Ke6 47. Nxb4 Bd4 48. Nxd5 Kxd5 49. f3 Be5 50. Kb3 Kd4 51. Kb4 Bxg3 52. Kb5 f5 53. Kb4 f4 54. Kb3 Ke3 55. Kc2 Kf2 56. Kd3 Kxg2 57. Ke4 Kf2 58. Kf5 Kxf3 59. Kg5 Kg2 60. Kg4 f3 61. Kh5 f2 62. Kg4 f1=Q 63. Kh5 Be5 64. Kh4 Bf6+ 65. Kh5 Qf5+ 66. Kh6 Qg5+ 67. Kh7 Qg7# 0-1

[Event "Scarborough CC-ch Reserves"]
[Site "Toronto CAN"]
[Date "2011.04.21"]
[Round "9"]
[White "Armstrong, Robert J"]
[Black "Gillis, Doug"]
[Result "1/2-1/2"]
[WhiteElo "1715"]
[BlackElo "1635"]
[PlyCount "66"]
[GameId "2160767909795968"]
[EventDate "2011.02.24"]
[EventType "swiss"]
[EventRounds "9"]
[EventCountry "CAN"]
[SourceTitle "EXT 2022"]
[Source "ChessBase"]
[SourceDate "2021.10.06"]
[SourceVersion "1"]
[SourceVersionDate "2021.10.06"]
[SourceQuality "1"]

1. d4 e6 2. c4 Nf6 3. Nf3 Bb4+ 4. Bd2 Qe7 5. a3 Bxd2+ 6. Qxd2 d6 7. Nc3 Nc6 8. e3 e5 9. d5 Nb8 10. e4 a5 11. h3 O-O 12. Bd3 Nbd7 13. Na4 Nh5 14. g3 f5 15. Ng5 fxe4 16. Nxe4 Ndf6 17. Qg5 Qe8 18. Nac3 Bd7 19. O-O-O h6 20. Qd2 Nxe4 21. Nxe4 b5 22. c5 Qf7 23. Bc2 Qe7 24. c6 Bf5 25. Qe2 Bxe4 26. Bxe4 Qg5+ 27. Kb1 Nf6 28. Rhf1 Nxe4 29. Qxe4 Qf5 30. Rde1 Qxe4+ 31. Rxe4 Rf3 32. Re3 Raf8 33. Rxf3 Rxf3 1/2-1/2

[Event "Scarborough CC-ch Reserves"]
[Site "Toronto CAN"]
[Date "2011.04.21"]
[Round "9"]
[White "Huston, Scott"]
[Black "Ugodnikov, Arkadiy"]
[Result "0-1"]
[WhiteElo "1782"]
[BlackElo "1845"]
[PlyCount "106"]
[GameId "2160767909795969"]
[EventDate "2011.02.24"]
[EventType "swiss"]
[EventRounds "9"]
[EventCountry "CAN"]
[SourceTitle "EXT 2022"]
[Source "ChessBase"]
[SourceDate "2021.10.06"]
[SourceVersion "1"]
[SourceVersionDate "2021.10.06"]
[SourceQuality "1"]

1. d4 Nf6 2. c4 c5 3. Nf3 g6 4. Bg5 Bg7 5. Nc3 cxd4 6. Nxd4 O-O 7. e3 Nc6 8. Be2 Qa5 9. Bxf6 Bxf6 10. O-O Nxd4 11. exd4 Re8 12. Nd5 Bg7 13. b4 Qd8 14. Rc1 e6 15. Ne3 d5 16. cxd5 exd5 17. Bf3 Be6 18. Rc5 Bf8 19. Rb5 Qd7 20. Qa4 a6 21. Ra5 Qxa4 22. Rxa4 b5 23. Ra3 Red8 24. Rb3 Rac8 25. a3 Bg7 26. Rd1 h5 27. Kf1 Bh6 28. Ke2 Kf8 29. Rdd3 Bg7 30. h3 Ke7 31. Rd2 Kd6 32. Kd3 f5 33. Rc3 f4 34. Nd1 Bf5+ 35. Ke2 Re8+ 36. Kf1 Rc4 37. Rxc4 bxc4 38. Nc3 Bd3+ 39. Ne2 Bxe2+ 40. Bxe2 Re4 41. a4 Rxd4 42. Rxd4 Bxd4 43. Ke1 Bc3+ 44. Kd1 Bxb4 45. g3 fxg3 46. fxg3 Ke5 47. g4 hxg4 48. Bxg4 g5 49. Bf3 Kd4 50. Kc2 Kc5 51. Bg2 d4 52. Bb7 a5 53. Be4 d3+ 0-1

[Event "Scarborough CC-ch Reserves"]
[Site "Toronto CAN"]
[Date "2011.04.21"]
[Round "9"]
[White "Krupka, David"]
[Black "Ferreira, Alex"]
[Result "1/2-1/2"]
[WhiteElo "2035"]
[BlackElo "2081"]
[PlyCount "88"]
[GameId "2160767909795970"]
[EventDate "2011.02.24"]
[EventType "swiss"]
[EventRounds "9"]
[EventCountry "CAN"]
[SourceTitle "EXT 2022"]
[Source "ChessBase"]
[SourceDate "2021.10.06"]
[SourceVersion "1"]
[SourceVersionDate "2021.10.06"]
[SourceQuality "1"]

1. d4 Nf6 2. c4 e6 3. Nc3 Bb4 4. e3 O-O 5. Nge2 d5 6. a3 Be7 7. Nf4 c6 8. Bd3 Nbd7 9. cxd5 Nxd5 10. Nfe2 Nxc3 11. bxc3 e5 12. Qc2 g6 13. O-O Bf6 14. Rb1 Nb6 15. a4 Be6 16. f4 exd4 17. Nxd4 Bc4 18. Bxc4 Nxc4 19. Rxb7 c5 20. Nf3 Qd5 21. Qb3 Qe4 22. Ng5 Bxg5 23. fxg5 Nd6 24. Rc7 Nf5 25. c4 Qe5 26. Rd7 Rab8 27. Qd3 Qe6 28. Rd5 Rfc8 29. e4 Nd4 30. Be3 Rb3 31. Qd2 Qxe4 32. Bxd4 cxd4 33. Rxd4 Qe3+ 34. Qxe3 Rxe3 35. Rd7 Rxc4 36. Rdxf7 Re1 37. Rxa7 Rxf1+ 38. Kxf1 Rg4 39. Ra5 Kf7 40. Kf2 Ke6 41. Kf3 Rh4 42. h3 Rb4 43. Ra7 Kf5 44. Ra5+ Ke6 1/2-1/2

[Event "Scarborough CC-ch Reserves"]
[Site "Toronto CAN"]
[Date "2011.04.21"]
[Round "9"]
[White "Maister, Martin"]
[Black "Radpey, Abdolreza"]
[Result "0-1"]
[WhiteElo "1772"]
[BlackElo "1646"]
[PlyCount "70"]
[GameId "2160767909795971"]
[EventDate "2011.02.24"]
[EventType "swiss"]
[EventRounds "9"]
[EventCountry "CAN"]
[SourceTitle "EXT 2022"]
[Source "ChessBase"]
[SourceDate "2021.10.06"]
[SourceVersion "1"]
[SourceVersionDate "2021.10.06"]
[SourceQuality "1"]

1. c4 Nf6 2. Nc3 e6 3. e4 e5 4. f4 d6 5. fxe5 dxe5 6. Nf3 Nc6 7. d3 Bc5 8. Na4 Bd4 9. Nxd4 Nxd4 10. Be2 Nxe2 11. Qxe2 Bg4 12. Qe3 Bd7 13. Nc3 Ng4 14. Qg3 h5 15. O-O c6 16. Nd1 h4 17. Qf3 f6 18. h3 Nh6 19. b3 Nf7 20. Be3 Be6 21. Bf2 Qd7 22. Nc3 Rh6 23. Rad1 Rg6 24. Kh1 O-O-O 25. Na4 Ng5 26. Qe3 b6 27. Qe2 Kb7 28. Bxh4 Nf7 29. Rf3 Rh8 30. Be1 Bg4 31. Kh2 Ng5 32. h4 Bxf3 33. gxf3 Qh3+ 34. Kg1 Nxf3+ 35. Kf2 Rg2+ 0-1

[Event "Scarborough CC-ch Reserves"]
[Site "Toronto CAN"]
[Date "2011.04.21"]
[Round "9"]
[White "Morra, Lui"]
[Black "Moran-Venegas, Mario"]
[Result "1/2-1/2"]
[WhiteElo "1831"]
[BlackElo "1773"]
[PlyCount "123"]
[GameId "2160767909795972"]
[EventDate "2011.02.24"]
[EventType "swiss"]
[EventRounds "9"]
[EventCountry "CAN"]
[SourceTitle "EXT 2022"]
[Source "ChessBase"]
[SourceDate "2021.10.06"]
[SourceVersion "1"]
[SourceVersionDate "2021.10.06"]
[SourceQuality "1"]

1. e4 c5 2. Nf3 d6 3. Bb5+ Nd7 4. d4 a6 5. Bd3 b5 6. d5 Ngf6 7. c3 c4 8. Bc2 Nc5 9. Qe2 e5 10. h3 Be7 11. O-O O-O 12. a4 bxa4 13. Na3 Nb3 14. Rb1 Nxc1 15. Rfxc1 Bd7 16. Nxc4 Bb5 17. Bd3 Rc8 18. Ne3 Nxe4 19. Bxb5 axb5 20. Qxb5 Ra8 21. Rc2 Qc7 22. Qd3 Nc5 23. Qc4 Qd7 24. Nd2 Rfc8 25. Qe2 Rcb8 26. Nec4 Qf5 27. Ne3 Qg6 28. Ndc4 a3 29. b4 a2 30. Ra1 Nb3 31. Raxa2 Rxa2 32. Rxa2 Nc1 33. Qb2 Nxa2 34. Qxa2 Qd3 35. Qa7 Rd8 36. Qxe7 Rf8 37. Nxd6 Qxc3 38. Ndf5 Qe1+ 39. Kh2 Qxf2 40. Qg5 g6 41. d6 Qf4+ 42. Qxf4 exf4 43. Ne7+ Kg7 44. Nc4 Kf6 45. b5 Ke6 46. b6 Rb8 47. Nc6 Rxb6 48. Nxb6 Kxd6 49. Nd8 Ke7 50. Nc6+ Kd6 51. Na5 f5 52. Kg1 g5 53. Kf2 g4 54. h4 Ke6 55. Nac4 Kf6 56. Nd5+ Kg6 57. Nxf4+ Kg7 58. Nd6 Kf6 59. Nc4 Kg7 60. Ke3 Kf6 61. Kd4 h6 62. Nd5+ 1/2-1/2

[Event "Scarborough CC-ch Reserves"]
[Site "Toronto CAN"]
[Date "2011.04.21"]
[Round "9"]
[White "Paterson, Jim"]
[Black "Uddin, Mohammad"]
[Result "1-0"]
[WhiteElo "1825"]
[BlackElo "1855"]
[PlyCount "105"]
[GameId "2160767909795973"]
[EventDate "2011.02.24"]
[EventType "swiss"]
[EventRounds "9"]
[EventCountry "CAN"]
[SourceTitle "EXT 2022"]
[Source "ChessBase"]
[SourceDate "2021.10.06"]
[SourceVersion "1"]
[SourceVersionDate "2021.10.06"]
[SourceQuality "1"]

1. e4 c6 2. Nc3 d5 3. d4 dxe4 4. Nxe4 Bf5 5. Ng3 Bg6 6. Nf3 Nd7 7. Bc4 e6 8. O-O Ngf6 9. Qe2 Be7 10. Re1 O-O 11. Bxe6 fxe6 12. Qxe6+ Rf7 13. Ng5 Nf8 14. Nxf7 Nxe6 15. Nxd8 Nxd4 16. Nxb7 Nxc2 17. Rxe7 Nxa1 18. Be3 Nd5 19. Rd7 Nc2 20. Rd8+ Rxd8 21. Nxd8 Ncxe3 22. fxe3 c5 23. Nc6 a6 24. e4 Nb4 25. Nxb4 cxb4 26. a3 bxa3 27. bxa3 Kf7 28. Kf2 Ke6 29. Ke3 Ke5 30. Kd3 Be8 31. Kc4 g6 32. Kd3 h5 33. Ke3 Bb5 34. h4 Bc4 35. Kf3 a5 36. Ke3 a4 37. Nh1 Bf1 38. g3 Bb5 39. Nf2 Kd6 40. Kd4 Ke6 41. Nh3 Bc6 42. Nf4+ Kf6 43. Nd3 g5 44. Ne5 gxh4 45. gxh4 Be8 46. Nc4 Ke6 47. Ne3 Bb5 48. Nd5 Be8 49. Nc7+ Ke7 50. Nxe8 Kxe8 51. Kc4 Ke7 52. Kb4 Ke6 53. Kxa4 1-0

[Event "Scarborough CC-ch Reserves"]
[Site "Toronto CAN"]
[Date "2011.04.21"]
[Round "9"]
[White "Sherman, Joshua"]
[Black "Su, Stanley"]
[Result "1-0"]
[WhiteElo "1885"]
[BlackElo "1802"]
[PlyCount "39"]
[GameId "2160767909795974"]
[EventDate "2011.02.24"]
[EventType "swiss"]
[EventRounds "9"]
[EventCountry "CAN"]
[SourceTitle "EXT 2022"]
[Source "ChessBase"]
[SourceDate "2021.10.06"]
[SourceVersion "1"]
[SourceVersionDate "2021.10.06"]
[SourceQuality "1"]

1. e4 e5 2. Nf3 Nc6 3. c3 d6 4. d4 Bg4 5. Bb5 a6 6. Bxc6+ bxc6 7. dxe5 dxe5 8. Qa4 Bd6 9. Qxc6+ Bd7 10. Qc4 Nf6 11. Qe2 h6 12. h3 O-O 13. O-O Nh7 14. Nbd2 f5 15. exf5 Rxf5 16. Ne4 Qe8 17. Rd1 Qe6 18. Be3 Bc6 19. Nfd2 Qg6 20. Qc4+ 1-0

[Event "Scarborough CC-ch Reserves"]
[Site "Toronto CAN"]
[Date "2011.04.21"]
[Round "9"]
[White "Song, Lin"]
[Black "Ward, Dean"]
[Result "1/2-1/2"]
[WhiteElo "1796"]
[BlackElo "1811"]
[PlyCount "100"]
[GameId "2160767909795975"]
[EventDate "2011.02.24"]
[EventType "swiss"]
[EventRounds "9"]
[EventCountry "CAN"]
[SourceTitle "EXT 2022"]
[Source "ChessBase"]
[SourceDate "2021.10.06"]
[SourceVersion "1"]
[SourceVersionDate "2021.10.06"]
[SourceQuality "1"]

1. e4 c5 2. Na3 d6 3. c3 Nf6 4. f4 Nc6 5. d3 e6 6. Nf3 Be7 7. Be2 O-O 8. O-O d5 9. e5 Nd7 10. d4 Qb6 11. Nc2 f6 12. Rb1 cxd4 13. Ncxd4 fxe5 14. fxe5 Ndxe5 15. Kh1 Nxf3 16. Bxf3 Bd7 17. Be3 Qa5 18. Qb3 Ne5 19. Be2 Rfe8 20. Qxb7 Rab8 21. Qa6 Qxa6 22. Bxa6 Ng4 23. Bg1 Bc5 24. Be2 Nf6 25. Nc6 Bxc6 26. Bxc5 Rb7 27. Bf3 Bb5 28. Rfe1 Bd3 29. Rbd1 Be4 30. b4 Rc7 31. Rc1 Bxf3 32. gxf3 a6 33. Bd6 Rc6 34. Be5 Nd7 35. Bd4 Kf7 36. f4 Rec8 37. Re2 Nf6 38. Rg2 g6 39. Re2 Ne4 40. Kg2 Rc4 41. Rec2 Nd6 42. Be5 Nf5 43. Kf2 d4 44. Ke2 Ne3 45. Rd2 Rxc3 46. Rb1 Rc2 47. Bxd4 Rxd2+ 48. Kxd2 Nc4+ 49. Ke2 Na3 50. Rb2 Rc4 1/2-1/2